[Event "110th Anniversary Open 2020"]
[Site "Hilleroed"]
[Date "2020.02.10"]
[Round "4.10"]
[White "Lohia, Sohum"]
[Black "Kristiansen, Jens"]
[Result "0-1"]
[WhiteElo "2025"]
[BlackElo "2406"]
[Annotator "TA"]
[PlyCount "142"]
[EventDate "2020.02.08"]
[EventType "swiss"]
[EventCountry "DEN"]
[SourceTitle "playchess.com"]
[Source "ChessBase"]
[SourceQuality "1"]

{[%evp 9,142,-4,-4,-37,-20,-20,-8,-4,6,0,0,-20,-19,-36,-27,-52,-47,-50,-52,-47,-37,-46,-18,-16,-18,-51,-13,-14,-16,-20,-10,-37,-37,-39,-37,-37,-37,-37,-37,-34,-32,-34,-29,-30,-20,-30,-30,-31,-13,-14,-14,-14,-14,-25,-14,-14,-14,-14,-14,-14,-14,-14,-14,-14,-14,-627,-550,-1106,-958,-936,-364,-357,-362,-350,-335,-301,-285,-256,-7,-7,-7,-7,-7,-7,-7,-7,-7,-7,-7,-7,-7,-7,-7,-134,-134,-134,-134,-189,-189,-189,-189,-194,-7,-7,-7,-7,-7,-7,-7,-7,-14,-22,0,0,0,0,-4,-189,-196,-197,-197,-31,-8,-189,-189,-189,-182,-1026,-1000,-1000,-1000,-12695,-29955,-29993,-29994]} 1. b3 e5 2. Bb2 Nc6 3. e3 g6 4. f4 Bg7 5. Nf3 d6 6. Bb5 {A01: Nimzowitsch-Larsen Opening.} Bd7 7. O-O Nge7 8. fxe5 {The position is equal.} Nxe5 9. Nxe5 dxe5 10. Bxd7+ Qxd7 11. Qf3 Nc6 $1 12. Nc3 f5 {[#]} 13. Qd5 $146 ({Predecessor:} 13. d3 O-O-O 14. e4 Nd4 15. Qf2 fxe4 16. Nxe4 Rhf8 17. Qd2 Rf4 18. Rae1 Bh6 19. Qa5 {½-½ (52) Jensen,M (2005)-Andersen,R (2133) Helsingor 2013}) 13... O-O-O 14. Qxd7+ Rxd7 15. d3 $1 e4 16. dxe4 fxe4 17. Rad1 Rhd8 18. Rxd7 $1 Rxd7 19. a3 Ne7 20. Rd1 {[#]} Nd5 $1 {[%mdl 512]} 21. Rxd5 (21. Nxd5 Bxb2) 21... Rxd5 22. Nxd5 Bxb2 $15 {[%mdl 4096] Endgame KB-KN} 23. a4 Kd7 24. Kf2 Kd6 25. Nf4 a5 26. Ke2 Be5 27. g3 Bc3 28. Nh3 h6 29. Nf2 Kd5 30. Nd1 Bb4 31. c3 Bd6 32. Kd2 c6 33. c4+ Ke6 34. Nf2 Kf5 35. g4+ Ke5 36. h3 Be7 37. Kd1 $2 {[%mdl 8192]} (37. Ke2 $11) 37... Bh4 $1 $19 38. Ke2 Bxf2 $1 39. Kxf2 {KP-KP} Kd6 $2 (39... Ke6 40. h4 Kd6) 40. g5 hxg5 41. Kg3 Kc5 $1 {[%cal Rc5b4]} 42. Kg4 Kb4 43. Kxg5 Kxb3 $2 (43... Kc3 $1 $19 44. Kxg6 Kd2) 44. Kxg6 $11 Kxa4 (44... Kxc4 $5 45. h4 $8 b5 $11) 45. h4 b5 $1 {[%cal Rb5c4]} 46. cxb5 cxb5 {K3P-KPP} 47. h5 b4 48. h6 {And now h7 would win.} b3 49. h7 b2 50. h8=Q b1=Q {KQ-KQ} 51. Qd4+ (51. Kf5 $11) 51... Qb4 $17 {( -> ...Qxd4)} 52. Qd1+ Ka3 {...Kb2 is the strong threat.} 53. Kf5 (53. Qa1+ $17 {might work better.} Kb3 54. Kf5) 53... Kb2 $1 $19 54. Kf4 a4 55. Qe2+ Kc3 $2 (55... Ka3 $1 $19 {Strongly threatening ...Qd6+.} 56. Qd1 Qc3) 56. Qe1+ $11 Kc4 57. Qe2+ $1 Kc5 {White must now prevent ...Qc3.} 58. Qh5+ $1 Kb6 59. Qg6+ Ka5 60. Qg5+ Qb5 61. Qd8+ Kb4 62. Qd2+ Ka3 {Hoping for ...Qd3.} 63. Qd6+ $2 (63. Qc1+ $11 {and White stays safe.} Qb2 64. Qc8) 63... Qb4 $19 64. Qd1 {[#]} Qc3 $1 65. Kxe4 Qb3 66. Qe2 $2 {[#]} (66. Qd4 $11 {and White has nothing to worry.}) 66... Kb4 $1 {aiming for ...Qc4+.} 67. Kf5 Qd5+ 68. Kf6 $2 (68. Kg6) 68... a3 69. Qe1+ Ka4 70. Qh4+ Kb3 71. e4 Qd8+ 0-1

[Event "110th Anniversary Open 2020"]
[Site "Hilleroed"]
[Date "2020.02.10"]
[Round "4.11"]
[White "Ostergaard, Jens"]
[Black "Holm, Henrik"]
[Result "1-0"]
[WhiteElo "2229"]
[BlackElo "1802"]
[Annotator "TA"]
[PlyCount "69"]
[EventDate "2020.02.08"]
[EventType "swiss"]
[EventCountry "DEN"]
[SourceTitle "playchess.com"]
[Source "ChessBase"]
[SourceQuality "1"]

{[%evp 30,68,56,62,70,86,75,68,56,61,75,58,80,9,7,6,214,156,199,154,184,150,186,149,150,136,427,306,304,294,279,274,29984,29985,29985,29986,29986,29986,29993,29994,29999]} 1. d4 Nf6 2. Nf3 g6 3. c4 Bg7 4. Nc3 d5 5. cxd5 Nxd5 6. e4 Nxc3 7. bxc3 c5 8. Rb1 O-O 9. Be2 Nc6 10. d5 Bxc3+ 11. Bd2 Bxd2+ 12. Qxd2 Nd4 13. Nxd4 cxd4 14. Qxd4 Qa5+ 15. Qd2 Qxd2+ 16. Kxd2 e6 {D85: Exchange Grünfeld: Unusual White 7th moves and lines with 7 Nf3.} 17. d6 e5 18. Ke3 Rd8 {White is slightly better.} 19. Rhd1 Be6 20. Rxb7 Bxa2 {[#]} 21. Re7 $146 (21. Bb5 $16) ({Predecessor:} 21. Rb5 f6 22. Ra5 Be6 23. f3 Rab8 24. Rxa7 Rb3+ 25. Kf2 Rb6 26. Ra6 Rxa6 27. Bxa6 {½-½ (38) Gluckman,D (2250)-James,M (1896) Port Elizabeth 2013}) 21... Be6 22. f4 Bb3 $2 {[#]} (22... exf4+ $11 {and Black has nothing to worry.} 23. Kxf4 a5) 23. Rb1 exf4+ 24. Kxf4 Ba2 25. Rb2 Be6 26. e5 $36 {[%mdl 2048] White is on the roll.} a5 {next ...a4 is good for Black.} 27. Bg4 Bc4 $2 {[%mdl 8192] [#]} (27... Bd5 $16) 28. Bf3 Rab8 29. Rxb8 Rxb8 $18 {[%mdl 4096] Endgame KRB-KRB} 30. Ra7 Rb5 $2 (30... Be6 $18 31. Rxa5 Kg7) 31. Ra8+ {White mates.} Kg7 32. d7 g5+ 33. Kg3 g4 34. d8=Q {[%cal Rd8g5]} gxf3 35. Qf6# {Accuracy: White = 61%, Black = 56%.} 1-0

[Event "110th Anniversary Open 2020"]
[Site "Hilleroed"]
[Date "2020.02.12"]
[Round "6.1"]
[White "Zeng, Chongsheng"]
[Black "Siva Mahadevan"]
[Result "1-0"]
[WhiteElo "2567"]
[BlackElo "2310"]
[Annotator "TA"]
[PlyCount "57"]
[EventDate "2020.02.08"]
[EventType "swiss"]
[EventCountry "DEN"]
[SourceTitle "playchess.com"]
[Source "ChessBase"]
[SourceQuality "1"]

{[%evp 9,57,25,50,29,28,18,27,26,29,0,0,0,-9,-9,39,-97,0,0,0,0,0,0,0,0,0,0,0,0,326,308,837,574,910,882,947,629,972,950,1072,1032,1103,1072,1041,652,1414,1415,1628,1520,1486,1405]} 1. c4 c5 2. Nc3 Nf6 3. Nf3 d5 4. cxd5 Nxd5 5. e3 g6 6. Bb5+ {A34: Symmetrical English: 2 Nc3, lines with ...d5.} Bd7 7. Qb3 {[#]} Nb6 $146 ({Predecessor:} 7... Nxc3 8. Ne5 e6 9. bxc3 Bxb5 10. Qxb5+ Nd7 11. Rb1 b6 12. c4 Bd6 13. Nxd7 Qxd7 {½-½ (34) Andreikin,D (2713)-Carlsen,M (2864) Moscow 2013}) 8. Ne4 {Strongly threatening Nfg5.White has an edge.} Qc7 $1 9. Qc3 Bxb5 10. Qxh8 {And now a4 would win.} Nc6 $1 11. a3 {b3 is the strong threat.} (11. Nxc5 $2 Nb4 $19) 11... O-O-O 12. Qc3 ({Not} 12. Nxc5 e5 $19) (12. Qxh7 $14 {was the only good move.} e5 13. Nfg5) 12... Na4 ({Better is} 12... e5 $17 13. Nxc5 Nd5) 13. Qb3 $11 {[%mdl 64] [#] Double Attack} a6 $1 14. Qxf7 {Black must now prevent b3.} Qd7 {aiming for ...Qd3.} 15. b3 Qd3 {[%csl Gb5][%cal Rd3e2]} 16. Ng3 $1 Nc3 $1 {Threatens to win with ...Qc2.} 17. Bb2 $1 {[%cal Rb2c3]} Bg7 18. Qxg7 {[%mdl 64] Double Attack} Ne4 $2 {[%mdl 8192]} (18... Ne2 $1 $11 {and Black is okay.} 19. Bc3 (19. Qxh7 {leads to mate.} Nxg3 20. Qh3+ Rd7 21. Qh8+ Nd8 22. Kd1 Qxb3+ 23. Ke1 Qd3 24. Nd4 Rxd4 25. Qh3+ e6 26. Qxe6+ Nxe6 27. exd4 Qe2#) 19... Nxg3) 19. O-O-O $18 (19. Qxh7 {is a self mate.} Nxg3 20. Qh3+ Rd7 21. Kd1 Qxb3+ 22. Ke1 Qd3 23. Nd4 Nxd4 24. Qh8+ Rd8 25. Qh3+ Ngf5 26. Qxf5+ Nxf5 27. h4 Qxd2#) 19... c4 $2 (19... Nxf2 20. Qc3 b6 21. Qxd3 Bxd3) 20. Nxe4 {White is clearly winning.} Qxe4 {[#]} 21. d3 $1 cxd3 22. Qc3 Kb8 23. a4 Nd4 24. Kb1 d2+ 25. Ka2 Nc6 26. Nd4 Rxd4 27. exd4 a5 28. f3 Qf5 29. g4 {Accuracy: White = 76%, Black = 83%.} 1-0

[Event "110th Anniversary Open 2020"]
[Site "Hilleroed"]
[Date "2020.02.12"]
[Round "6.2"]
[White "Sylvan, Jacob"]
[Black "Gukesh D"]
[Result "0-1"]
[WhiteElo "2335"]
[BlackElo "2542"]
[Annotator "TA"]
[PlyCount "74"]
[EventDate "2020.02.08"]
[EventType "swiss"]
[EventCountry "DEN"]
[SourceTitle "playchess.com"]
[Source "ChessBase"]
[SourceQuality "1"]

{[%evp 17,74,45,47,31,37,33,30,45,47,12,13,11,65,45,60,0,0,0,15,0,28,32,33,34,49,39,39,39,34,29,40,36,28,29,45,2,11,9,13,0,0,0,0,0,38,47,39,-39,-31,-181,-179,-166,-75,-103,-94,-429,-421,-398,-387]} 1. c4 Nf6 2. g3 g6 3. Bg2 Bg7 4. Nc3 O-O 5. e4 d6 6. Nge2 e5 7. O-O Nc6 8. d3 Be6 9. h3 Nd7 {is now debated instead of 9...Qd7.} 10. Nd5 {A26: English Opening vs King's Indian with ...Nc6 and d3.} f5 11. exf5 gxf5 {[#]} 12. Be3 $146 {White has an edge.} ({Predecessor:} 12. f4 Nc5 13. fxe5 dxe5 14. Be3 Nd4 15. Nxd4 exd4 16. Bf4 Rc8 17. Qd2 c6 18. Bg5 {1-0 (35) Vincent,T (2214)-Araullo,P (1920) Winnipeg 2008}) 12... Nb6 13. Nec3 Qd7 14. f4 Nd8 (14... Rae8 $11) 15. Qd2 $14 Nc8 16. Rae1 (16. Ne2 $14) 16... c6 $11 17. Nb4 {[%cal Bd5b4,Bb4c2,Bc2d4][%mdl 32]} Ne7 18. Nc2 Ng6 19. b3 exf4 20. gxf4 Nh4 21. Bh1 d5 22. cxd5 cxd5 {[#] Strongly threatening ...d4.} 23. Nd4 Bf7 24. Kh2 Nc6 25. Nce2 Rfe8 26. Bf2 {Hoping for Nxc6.} Ng6 27. Rg1 Rac8 28. h4 Nxd4 29. Nxd4 Rxe1 30. Qxe1 {h5 is the strong threat.} Qc7 31. Qe3 Re8 ({Don't blunder} 31... Nxf4 $2 32. Bg3 $18) 32. Qg3 (32. Qf3 $14 Bxd4 33. Bxd4) 32... Bh6 $36 {[%mdl 2048] Black is more active.} 33. Kg2 (33. Qf3 $1 $15) 33... Bxf4 $19 34. Qf3 Bh2 (34... Be5 $19 {and Black stays clearly on top. White must now prevent ...Nf4+.} 35. Ne2 Kh8) 35. Nb5 {[#]} Qb8 $1 36. Bxa7 $2 {[%mdl 8192]} (36. Re1 $17 {is tougher.}) 36... Nxh4+ 37. Kf1+ Bxg1 {Accuracy: White = 60%, Black = 80%.} 0-1

[Event "110th Anniversary Open 2020"]
[Site "Hilleroed"]
[Date "2020.02.12"]
[Round "6.3"]
[White "Schultz-Pedersen, Jesper"]
[Black "Kristiansen, Jens"]
[Result "1-0"]
[WhiteElo "2058"]
[BlackElo "2406"]
[Annotator "TA"]
[PlyCount "63"]
[EventDate "2020.02.08"]
[EventType "swiss"]
[EventCountry "DEN"]
[SourceTitle "playchess.com"]
[Source "ChessBase"]
[SourceQuality "1"]

{[%evp 9,63,0,0,-10,-18,-8,-15,-18,-16,-9,-16,-11,16,9,5,-13,-11,-20,0,0,0,-8,-6,-10,-17,-11,-9,-7,12,8,11,12,6,15,156,155,130,0,466,343,329,84,84,84,84,84,84,24,96,22,61,49,347,345,29998,29999]} 1. e4 g6 2. Nc3 Bg7 3. f4 d6 4. Nf3 Nf6 5. Bc4 O-O 6. O-O {B07: Pirc Defence: Miscellaneous Systems.} Nxe4 {[%mdl 64] Remove Defender, Decoy} 7. Nxe4 d5 {[%mdl 64] Double Attack} 8. Bd3 {Hoping for Nf2.The position is equal.} dxe4 9. Bxe4 c5 10. c3 Nc6 11. d3 Qd6 {[#]} 12. Qe1 $146 ({Predecessor:} 12. Be3 Bg4 13. h3 Bxf3 14. Qxf3 e6 15. Rad1 Rac8 16. d4 cxd4 17. Bxc6 Qxc6 18. Qxc6 Rxc6 19. Bxd4 Bxd4+ 20. Rxd4 {1-0 (60) Jezek,J-Olexa,V Brno 1955}) 12... Bd7 13. Be3 f5 14. Bxc6 $1 Bxc6 15. Rd1 Rad8 16. Qf2 b6 17. d4 cxd4 18. Nxd4 Bb5 19. Rfe1 e5 20. fxe5 Bxe5 21. Qc2 Bxh2+ (21... Bxd4 $11 22. Rxd4 (22. Bxd4 Qc7 $11) 22... Qe6) 22. Kh1 $16 Bg3 23. Qb3+ (23. Nxb5 $16 Qf6 24. Qb3+ Kg7 25. Kg1 (25. Bd4 Rxd4 26. Nxd4 Qh4+ 27. Kg1 Bxe1 $11) 25... Bxe1 26. Rxe1) 23... Kh8 $2 {[%mdl 8192]} (23... Qd5 $11 {and Black is okay.} 24. Qxb5 Qxb5 25. Nxb5 Bxe1 26. Rxe1 Rfe8) 24. Nxb5 Qf6 25. Qc4 $2 (25. Bd4 Rxd4 26. Nxd4 Bxe1 $17) (25. Rxd8 $18 {is more deadly.} Rxd8 26. Rd1 Qh4+ 27. Kg1 Rxd1+ 28. Qxd1) 25... Bxe1 26. Rxe1 Rfe8 27. Qf1 $1 $36 {[%mdl 2048] Strongly threatening Bd4! Keeping Black busy.} (27. Nxa7 $2 f4 $1 $19 {[%mdl 512]}) 27... Re4 {aiming for ...Qe5.} 28. Kg1 ({But not} 28. Nxa7 $2 Rde8 $17) (28. Bf2 $16 {And now Rxe4 would win.} Qe7 29. Rxe4 Qxe4 30. Nd4 (30. Nxa7 Qg4 $11)) 28... Qe6 (28... Qe7 $11 {keeps the balance.} 29. Qf2 Rd3 30. Bd4+ Kg8 31. Rxe4 Qxe4) 29. Bf2 (29. Bd4+ $16 Kg8 30. Rxe4 Qxe4 31. Qc4+ (31. Nxa7 Rxd4 32. cxd4 Qxd4+ 33. Qf2 Qd1+ 34. Qf1 Qd4+ {[%mdl 64] Double Attack} 35. Qf2 Qd1+ 36. Qf1 Qd4+ $11 {[%mdl 64] Double Attack}) 31... Kf8 32. Nxa7) 29... Rd2 30. Rxe4 fxe4 $4 {[%mdl 8192] [#]} ({Black should play} 30... Qxe4 $14 31. b3 (31. Nxa7 Rxb2 32. Bd4+ Kg8 $11) 31... Kg7) 31. Be3 $1 $18 {[%cal Re3d2]} ({Stronger than} 31. Nxa7 e3 $11) 31... Rxb2 $2 (31... Rd8 $18 32. Nd4 (32. Nxa7 Kg8 $18) 32... Qd6) 32. Qf8+ {Accuracy: White = 72%, Black = 62%.} 1-0

[Event "110th Anniversary Open 2020"]
[Site "Hilleroed"]
[Date "2020.02.12"]
[Round "6.4"]
[White "Jacobsen, Mikkel Manosri"]
[Black "Stanford, Maxim Barth"]
[Result "0-1"]
[WhiteElo "2315"]
[BlackElo "2339"]
[Annotator "TA"]
[PlyCount "90"]
[EventDate "2020.02.08"]
[EventType "swiss"]
[EventCountry "DEN"]
[SourceTitle "playchess.com"]
[Source "ChessBase"]
[SourceQuality "1"]

{[%evp 20,90,38,38,55,52,48,51,71,83,118,121,129,116,129,29,37,0,10,27,17,-20,0,-8,-4,-116,0,-29,-37,-39,-33,-64,-7,-21,-2,-148,0,0,0,0,0,0,0,0,0,0,0,0,0,0,0,0,0,0,0,0,0,0,0,0,0,0,0,0,0,0,0,-29976,-29978,-29978,-29979,-29979,-29979]} 1. Nf3 Nf6 2. d4 e6 3. c4 c5 4. d5 exd5 5. cxd5 d6 6. Nc3 g6 7. e4 Bg7 8. Nd2 O-O 9. Be2 Re8 10. O-O Na6 11. Re1 Rb8 {A78: Modern Benoni: Classical: 9...Re8 10 Nd2 Na6.} 12. Bb5 Bd7 13. a4 {[%cal Ba2a4,Ba4b5][%mdl 32]} Nb4 {White is slightly better.} 14. Nc4 {[#]} Bxb5 $146 ({Predecessor:} 14... a6 15. Bxd7 Qxd7 16. a5 Nh5 17. g4 Nf6 18. f3 Rbd8 19. Bf4 Qe7 20. Qd2 Qf8 {0-1 (41) Krizsany,L (2462)-Parkanyi,A (2362) Zalakaros 1999}) 15. axb5 a6 16. Bf4 Bf8 17. Bg5 ({White should try} 17. bxa6 $16 {a7 is the strong threat.} bxa6 18. h3) 17... h6 $11 18. Bh4 {With the idea bxa6.} (18. Bxf6 $5 Qxf6 19. bxa6 Nxa6 20. Ra5 $16) 18... g5 {White must now prevent ...axb5.} 19. Bg3 axb5 20. Nxb5 {[%cal Rc4d6]} Rxe4 21. Rxe4 Nxe4 22. Qg4 (22. Qf3 $11 Qd7 23. Nc3 (23. Qxe4 Re8 $15) 23... Nxg3 24. hxg3) 22... Ra8 (22... Nxg3 $17 23. hxg3 Nxd5 24. Ncxd6 Bxd6) 23. Rxa8 (23. Rd1 $5 {[%cal Rg4e4]} Nxg3 24. fxg3 $11) 23... Qxa8 24. h4 Nxg3 25. Qxg3 Qa4 ({Black should play} 25... Qa1+ $15 26. Kh2 Qd1 27. hxg5 Qh5+ {[%mdl 64] Double Attack} 28. Qh3 Qxg5 29. Nbxd6 Qxd5 30. Qg4+ Kh7) 26. Nc3 $1 {[%cal Rc3a4]} Qc2 27. Nxd6 {[#]} (27. hxg5 $11 Qc1+ 28. Kh2) 27... Bxd6 (27... Qxb2 28. Ndb5 $17) ({Better is} 27... Nxd5 $1 $17 {[%mdl 512]} 28. Nxb7 (28. Nxd5 Qd1+) 28... Nxc3 29. Qxc3 Qd1+ 30. Kh2 gxh4) 28. Qxd6 {[%mdl 64] Double Attack} Qxb2 29. Qxc5 Qc1+ 30. Kh2 Nxd5 31. Qxd5 {And now Qd8+ would win.} Qxc3 32. hxg5 {[%mdl 4096] Endgame KQ-KQ} Qc7+ 33. Kh3 hxg5 34. Qxg5+ Kf8 35. f4 Qc3+ 36. g3 Qc6 37. Qd8+ Kg7 38. f5 Qf6 39. Qd5 b6 40. g4 Qh6+ 41. Kg2 Qe3 42. Qc6 Qf4 43. Kh3 $2 {[%mdl 8192] [#]} (43. Qc3+ $11 Kh7 44. Kh3) 43... Qh6+ $1 {Black mates.} 44. Qxh6+ Kxh6 45. Kg3 Kg5 {Accuracy: White = 64%, Black = 85%.} 0-1

[Event "110th Anniversary Open 2020"]
[Site "Hilleroed"]
[Date "2020.02.12"]
[Round "6.5"]
[White "Larsen, Karsten"]
[Black "Nilssen, John Arni"]
[Result "1/2-1/2"]
[WhiteElo "2235"]
[BlackElo "2333"]
[Annotator "TA"]
[PlyCount "86"]
[EventDate "2020.02.08"]
[EventType "swiss"]
[EventCountry "DEN"]
[SourceTitle "playchess.com"]
[Source "ChessBase"]
[SourceQuality "1"]

{[%evp 13,86,36,43,25,28,20,22,23,28,28,31,31,30,22,29,-43,-39,-49,-36,-45,-44,-49,-48,-33,0,-49,-45,-49,-23,-27,-4,0,35,0,0,-10,9,0,20,24,16,-62,16,29,122,114,114,110,114,114,112,91,99,0,0,0,0,0,0,0,0,-35,-58,-112,-118,-109,-122,-89,0,0,0,-91,0,0,0]} 1. e4 c5 2. Nf3 Nc6 3. Bb5 g6 4. O-O Bg7 5. Bxc6 dxc6 6. d3 e5 7. Be3 Qe7 8. Qe1 {B31: Sicilian: 2...Nc6 3 Bb5 g6.} Nf6 9. Qc3 Nd7 10. a4 a5 11. Nbd2 O-O 12. Nc4 b6 {[%cal Bb7b6,Bb6b5][%mdl 32] [#]} 13. Rae1 $146 ({Predecessor:} 13. Nxb6 Nxb6 14. Bxc5 Qc7 15. Bxf8 Kxf8 16. d4 Ba6 17. Rfe1 exd4 18. Qc5+ Kg8 19. Nxd4 {0-1 (41) Crosa Coll,M (2398)-Larrea,M (2333) Montevideo 2010}) 13... h6 14. Bc1 ({White should try} 14. Qa3 $11) 14... b5 $15 15. Ncd2 ({Don't blunder} 15. Nxa5 $2 b4 $19) 15... Re8 16. b3 Nf8 17. Qa1 Ne6 18. Bb2 Nf4 19. Re3 h5 20. Kh1 g5 21. Ng1 Bh6 22. Ne2 g4 23. Ng3 f6 $1 24. Qe1 Qh7 25. Nf5 $1 Bxf5 26. exf5 Qxf5 27. Ne4 (27. f3 $1 $11) 27... Rf8 (27... Qg6 $1 $15) 28. f3 $11 Kh7 (28... Qe6 $11 {keeps the balance.}) 29. fxg4 $16 Qxg4 {[%csl Gf4][%cal Rg4g2]} 30. g3 Nd5 31. Ref3 {Black must now prevent axb5.} f5 32. Nd6 $1 e4 33. dxe4 (33. Rxf5 $16 {And now Nf7 would win.} Ne3 34. Rxf8 {[%mdl 64] Overworked Piece} (34. dxe4 $2 Rxf5 35. exf5 Rd8 $19) (34. Rf7+ Rxf7 35. Rxf7+ Kg8 $14) 34... Rxf8 35. Rxf8 Bxf8 36. Qxe3 {[%mdl 64] Double Attack} Bxd6 37. Qxe4+ Qxe4+ 38. dxe4) 33... fxe4 $11 34. Qxe4+ Qxe4 35. Nxe4 Rxf3 36. Rxf3 Re8 37. Nf6+ Nxf6 38. Rxf6 $15 {[%mdl 4096] Endgame KRB-KRB} (38. Bxf6 $15 Re2 39. c4) 38... Re2 $1 $17 39. Rxc6 Rxc2 40. Rc7+ {[#]} Kg6 (40... Kg8 $1 $17 41. Be5 b4) 41. Rc6+ $11 Kh7 (41... Kg5 $11 42. Bh8 bxa4 43. bxa4 Bf8) 42. Rc7+ $1 $17 {[#]} Kg6 ({Better is} 42... Kg8 $1 $17 43. Be5 b4) 43. Rc6+ $11 Kh7 {Accuracy: White = 76%, Black = 75%.} 1/2-1/2

[Event "110th Anniversary Open 2020"]
[Site "Hilleroed"]
[Date "2020.02.12"]
[Round "6.6"]
[White "Wu, Sibo"]
[Black "Jorgensen, Dennis"]
[Result "1-0"]
[WhiteElo "2060"]
[BlackElo "2154"]
[Annotator "TA"]
[PlyCount "125"]
[EventDate "2020.02.08"]
[EventType "swiss"]
[EventCountry "DEN"]
[SourceTitle "playchess.com"]
[Source "ChessBase"]
[SourceQuality "1"]

{[%evp 20,125,16,8,20,3,75,64,84,79,81,77,94,81,91,92,146,136,152,134,127,124,157,113,107,22,20,0,62,21,47,49,49,50,132,135,117,120,163,44,289,178,297,98,287,265,324,299,618,630,642,625,555,219,233,239,227,234,237,245,257,200,444,438,440,459,480,480,512,512,472,475,508,458,546,538,527,411,747,728,885,925,803,1639,1576,1583,1645,902,1529,1555,1504,1225,1344,1207,1295,1613,1331,1265,29975,29976,29980,29981,29987,29988,29988,29989,29988,29989]} 1. d4 Nf6 2. Nf3 e6 3. c4 b6 4. g3 Ba6 5. b3 Bb4+ 6. Bd2 Be7 7. Bg2 c6 8. Bc3 d5 9. Nbd2 Nbd7 10. O-O O-O 11. Qc2 Rc8 {E15: Queen's Indian: 4 g3 sidelines, 4 g3 Ba6 and 4 g3 Bb7 early deviations.} 12. e4 b5 (12... dxe4 $11 {keeps the balance.} 13. Nxe4 Nxe4 14. Qxe4 b5) 13. e5 $16 Ne8 {[%cal Rb5c4] White is slightly better.} 14. c5 $1 b4 15. Bxb4 Bxf1 16. Bxf1 ({Reject} 16. Rxf1 Rb8 $11) ({Much weaker is} 16. Kxf1 $6 g5 $11) 16... Rb8 17. Bc3 {[%mdl 1024] [#] White has strong compensation.} g6 $146 (17... a5 $142) ({Predecessor:} 17... f6 18. b4 a5 19. a3 Nc7 20. Rc1 axb4 21. axb4 f5 22. Nb3 Nb5 23. Na5 Qc8 {0-1 (45) Arbakov,V (2510)-Sax,G (2525) Muenster 1996}) 18. b4 Ng7 19. Qa4 Qc7 20. Rc1 f6 21. exf6 Bxf6 22. Re1 (22. Nb3 $16) 22... Rbe8 $11 23. Ne5 Bxe5 (23... Nxe5 $11 24. dxe5 Bg5) 24. dxe5 $14 Rf7 25. f4 g5 26. fxg5 Rf5 ({Black should play} 26... Ref8 $14) 27. Bd3 $16 Rxg5 {[%cal Rd7e5]} 28. Nf3 Rh5 29. g4 (29. Rf1 $18) 29... Rh6 $2 ({Better is} 29... Rh3 $14 30. Kg2 Rf8) 30. Kg2 {Black must now prevent Bd2.} Rf8 {[#]} (30... Nf8 $142 31. Bd2 Rg6) 31. Qc2 $2 (31. Qd1 $1 $18 {is the precise move to win.}) 31... Qd8 $2 (31... Rf4 $16 {was called for.}) 32. Qf2 $18 Rf4 33. Qg3 Qf8 $2 (33... Rc4) 34. Rf1 Rg6 35. Bxg6 hxg6 36. Nd2 $2 (36. Bd2 Re4 37. Ng5 Re2+ 38. Kg1) 36... Rxf1 37. Nxf1 a5 {[#] intending ...axb4.} 38. a3 $1 ({Less strong is} 38. bxa5 Qxc5 39. Qd3 Qa3 $16) 38... axb4 39. axb4 Qb8 40. Qe3 Qb5 $2 (40... Ne8 41. Nd2 Nc7) 41. Nd2 Qa4 42. Nf3 Nf8 43. Nd4 Qd1 44. Qe2 Qa4 45. Qc2 Qa6 46. Bb2 Qc8 47. b5 cxb5 48. Nxb5 Qb8 (48... d4 $142 49. Nxd4 Nd7) 49. c6 Ne8 {[#]} 50. Nd6 $1 {[%mdl 512]} Qb4 (50... Nxd6 51. exd6) 51. Nxe8 (51. Kh3 $142 Qb8 52. Qf2) 51... Qxg4+ 52. Kf2 {Nf6+ would kill now.} Qf4+ 53. Ke1 Qh4+ 54. Kd1 Qg4+ 55. Kc1 {Intending Nf6+ and mate.} Qg1+ 56. Kd2 Qxh2+ 57. Kd3 Qg3+ 58. Kd4 Qf4+ 59. Kc5 {White mates.} Qe3+ 60. Bd4 Qa3+ 61. Kb5 Qa8 62. Nd6 Qb8+ 63. Bb6 {Accuracy: White = 72%, Black = 38%.} 1-0

[Event "110th Anniversary Open 2020"]
[Site "Hilleroed"]
[Date "2020.02.12"]
[Round "6.7"]
[White "Ramkilde, Mikael"]
[Black "Thorsbro, Peter"]
[Result "0-1"]
[WhiteElo "1951"]
[BlackElo "2159"]
[Annotator "TA"]
[PlyCount "64"]
[EventDate "2020.02.08"]
[EventType "swiss"]
[EventCountry "DEN"]
[SourceTitle "playchess.com"]
[Source "ChessBase"]
[SourceQuality "1"]

{[%evp 20,64,26,19,16,8,0,5,58,56,59,56,64,42,66,16,27,13,6,6,13,13,27,29,22,-59,-37,-14,27,27,35,-29,0,-58,-66,-91,-81,-101,-85,-187,-190,-298,-243,-258,-251,-1017,-993]} 1. e4 e5 2. Nf3 Nc6 3. Bb5 a6 4. Ba4 Nf6 5. Qe2 b5 6. Bb3 d6 7. c3 Be7 8. O-O O-O 9. Rd1 Bg4 10. d4 Qc8 11. a4 Qb7 {C86: Closed Ruy Lopez: Worrall Attack.} 12. h3 Bxf3 13. Qxf3 {[#]} Nb8 $146 (13... b4 $11 14. Bd5 exd4) ({Predecessor:} 13... b4 14. d5 bxc3 15. dxc6 Qxb3 16. Nxc3 Rfb8 17. Rd3 Qc4 18. Nd5 Nxd5 19. exd5 e4 20. Rc3 Qxd5 21. Qe2 Rb4 22. Be3 Bf6 {0-1 (22) Vieito Soria,L (1962)-Koziel,R (2068) ICCF email 2008}) 14. Bc2 c5 15. d5 c4 16. g4 Nfd7 17. Nd2 Bg5 18. Nf1 Bxc1 19. Rdxc1 Nc5 20. Ne3 g6 21. h4 Nbd7 22. Qg3 (22. h5 $11) 22... Nf6 23. f3 bxa4 24. Rcb1 Qb5 25. Kh2 (25. h5 $14) 25... Nfd7 {[%cal Bf6d7,Bd7c5,Bc5d3][%mdl 32]} 26. g5 ({White should try} 26. h5 $11) 26... Nb3 $15 27. Ra2 Ndc5 28. h5 Nd3 ({Inferior is} 28... gxh5 29. Qh3 $14) 29. Ng2 (29. Ng4 $17) 29... Ra7 $19 30. f4 (30. Ne3 {might work better.}) 30... Nd2 ({Not} 30... gxh5 31. fxe5 Re8 32. Nf4 $17) 31. Bxd3 cxd3 32. Qe3 $2 {[#]} (32. Rd1 Nxe4 33. Qxd3) 32... Nxb1 {Accuracy: White = 51%, Black = 86%.} 0-1